000 00809cam a2200241 a 4500
001 1163621
005 20180313054512.0
008 960729s1996 nyua b 001 0 eng
010 _a 96034245
020 _a0471143146 (cloth : alk. paper)
040 _aDLC
_cDLC
_dDLC
041 _aeng
043 _an-us---
080 _a338.70973 dan
082 0 0 _a338.70973 dan
_220
100 1 _a52
101 _aeco
245 1 0 _aForbes greatest business stories of all time /
_cby Daniel Gross and the editors of Forbes magazine.
504 _aIncludes bibliographical references (p. [352]-357) and index.
906 _a7
_bcbc
_corignew
_d1
_eocip
_f19
_gy-gencatlg
942 _2ddc
_cBK
999 _c44871
_d44871